|
|
|
|
| LEADER |
00649nab a2200181 i 4500 |
| 001 |
univ14721 |
| 005 |
20240724134046.0 |
| 008 |
180212s1979 hu o 000 hun d |
| 022 |
|
|
|a 0230-791X
|
| 040 |
|
|
|a SZTE UnivHistória Repozitórium
|b hun
|
| 041 |
|
|
|a hun
|
| 245 |
0 |
0 |
|a JATE - 10
|h [elektronikus dokumentum]
|
| 260 |
|
|
|c 1979
|
| 300 |
|
|
|a 7
|
| 490 |
0 |
|
|a Szegedi Egyetem
|v 17 No. 16
|
| 561 |
|
|
|a Egyetemi, hallgatói élet
|
| 695 |
|
|
|a Sport - asztalitenisz - egyetemi, JATE Szakszervezeti Sportbizottsága, Egyetemi dolgozók férfi egyéni asztalitenisz versenye
|
| 856 |
4 |
0 |
|u http://univ.bibl.u-szeged.hu/14721/1/sze_1979_016_007.pdf
|z Dokumentum-elérés
|